000 00922cab a2200241 4500
001 WB3510-49
008 090401t1999 xxu||||| |||| 00| 0 eng d
035 _a(Sirsi) u92033
041 _aeng
245 _aReducing the environmental impact of quarrying
260 _c1999
350 _a0
490 _aHM Treasury Press Release
_v(HMT8) 9 March 1999
490 _aDETR News Release
_v(213) 9 March 1999 (5)
520 _aDETR research shows significant environmental costs associated with quarrying. The government considers that there is a case for a tax on the extraction of aggregates, but has initially asked the quarrying industry to produce further voluntary measures to reduce the environmental impacts.
650 _aAGGREGATES TAX
650 _aENVIRONMENTAL IMPACT
650 _aQUARRYING
650 _aVOLUNTARY REGULATION
690 _aMINING AND MINERALS
942 _n0
948 _c12/03/1999
999 _c58368
_d58368